Surface modification of EPDM rubber by electron beam irradiation (Record no. 69999)

MARC details
000 -LEADER
fixed length control field 00474nam a2200145Ia 4500
100 ## - MAIN ENTRY--AUTHOR NAME
Personal name Sen P
245 #0 - TITLE STATEMENT
Title Surface modification of EPDM rubber by electron beam irradiation
260 ## - PUBLICATION, DISTRIBUTION, ETC. (IMPRINT)
Name of publisher Proceedings of the International Conference on Rubbers, Calcutta, December 12-14 1997, Vol. III, pp. 174-177.
Year of publication 1997
700 ## - ADDED ENTRY--PERSONAL NAME
Personal name Bhowmick A K
700 ## - ADDED ENTRY--PERSONAL NAME
Personal name Deshpande R S
700 ## - ADDED ENTRY--PERSONAL NAME
Personal name Majali A B
700 ## - ADDED ENTRY--PERSONAL NAME
Personal name Tikku V K
942 ## - ADDED ENTRY ELEMENTS (KOHA)
Koha item type Journals
Holdings
Withdrawn status Lost status Damaged status Not for loan Home library Current library Shelving location Date acquired Koha item type
      Journals RRII Library RRII Library Rubber chemistry 17/12/2021 Journals